<?xml version="1.0" encoding="UTF-8"?><?xml-stylesheet type="text/xsl" href="static/style.xsl"?><OAI-PMH xmlns="http://www.openarchives.org/OAI/2.0/" xmlns:xsi="http://www.w3.org/2001/XMLSchema-instance" xsi:schemaLocation="http://www.openarchives.org/OAI/2.0/ http://www.openarchives.org/OAI/2.0/OAI-PMH.xsd"><responseDate>2026-06-05T15:52:25Z</responseDate><request verb="GetRecord" identifier="oai:riuma.uma.es:10630/32466" metadataPrefix="marc">https://riuma.uma.es/rest/oai/request</request><GetRecord><record><header><identifier>oai:riuma.uma.es:10630/32466</identifier><datestamp>2026-02-03T11:53:58Z</datestamp><setSpec>com_10630_2254</setSpec><setSpec>col_10630_37959</setSpec></header><metadata><record xmlns="http://www.loc.gov/MARC21/slim" xmlns:dcterms="http://purl.org/dc/terms/" xmlns:doc="http://www.lyncode.com/xoai" xmlns:xsi="http://www.w3.org/2001/XMLSchema-instance" xsi:schemaLocation="http://www.loc.gov/MARC21/slim http://www.loc.gov/standards/marcxml/schema/MARC21slim.xsd">
   <leader>00925njm 22002777a 4500</leader>
   <datafield ind2=" " ind1=" " tag="042">
      <subfield code="a">dc</subfield>
   </datafield>
   <datafield ind2=" " ind1=" " tag="720">
      <subfield code="a">Barrios-Espinosa, María Elvira</subfield>
      <subfield code="e">author</subfield>
   </datafield>
   <datafield ind2=" " ind1=" " tag="720">
      <subfield code="a">Torres-Sánchez, María Mónica</subfield>
      <subfield code="e">author</subfield>
   </datafield>
   <datafield ind2=" " ind1=" " tag="720">
      <subfield code="a">Carretero-Ramos, Aurora</subfield>
      <subfield code="e">author</subfield>
   </datafield>
   <datafield ind2=" " ind1=" " tag="720">
      <subfield code="a">Sanchidrián-Blanco, María del Carmen</subfield>
      <subfield code="e">author</subfield>
   </datafield>
   <datafield ind2=" " ind1=" " tag="720">
      <subfield code="a">Arjones-Fernández, María Aurora</subfield>
      <subfield code="e">author</subfield>
   </datafield>
   <datafield ind2=" " ind1=" " tag="260">
      <subfield code="c">2024</subfield>
   </datafield>
   <datafield ind2=" " ind1=" " tag="520">
      <subfield code="a">El objetivo de esta comunicación es el de reportar los hallazgos de un estudio sobre un proyecto de innovación desarrollado en el Prácticum III.1 del Grado en Educación Primaria de la Universidad de Málaga durante los cursos 2022-2023 y 2023-2024, en el que el alumnado participante se conformó en Comunidades Profesionales de Aprendizaje (CPAs). Esta comunicación esboza la innovación implementada y sus fundamentos, recoge el diseño de investigación mixto cuantitativo-cualitativo empleado, expone y discute los hallazgos principales y extrae consecuencias para la formación práctica inicial del profesorado. Entre estas consecuencias se destaca la adecuación las CPA como estrategia de formación colegiada en las prácticas de enseñanza al fomentar la reflexión dialogada, la adquisición de habilidades prácticas y el apoyo mutuo.</subfield>
   </datafield>
   <datafield ind1="8" ind2=" " tag="024">
      <subfield code="a">https://hdl.handle.net/10630/32466</subfield>
   </datafield>
   <datafield tag="653" ind2=" " ind1=" ">
      <subfield code="a">Investigación activa en educación</subfield>
   </datafield>
   <datafield tag="653" ind2=" " ind1=" ">
      <subfield code="a">Enseñanza - Métodos activos</subfield>
   </datafield>
   <datafield ind2="0" ind1="0" tag="245">
      <subfield code="a">Innovación en el Prácticum del Grado en Educación Primaria mediante Comunidades Profesionales de Aprendizaje.</subfield>
   </datafield>
</record>
</metadata></record></GetRecord></OAI-PMH>